Statistics for Countries where suicide is illegal

Click here to take the quiz!

General Stats

  • This quiz has been taken 68 times
  • The average score is 11 of 23

Answer Stats

Answer% Correct
Saudi Arabia
79%
Yemen
75%
United Arab Emirates
75%
Syria
74%
Oman
74%
Pakistan
70%
Lebanon
65%
Jordan
65%
Nigeria
54%
Brunei
54%
Bangladesh
53%
Malaysia
49%
Uganda
44%
Singapore
42%
Kenya
39%
Tanzania
37%
South Sudan
30%
Ghana
26%
Georgia
23%
Cyprus
23%
Papua New Guinea
14%
Bahamas
9%
Uruguay
7%

Score Distribution

Percentile by Number Answered

Percent of People with Each Score

Your Score History

You have not taken this quiz